El largo y sinuoso camino /
El libro presenta un análisis de la situación del proyecto de creación de un canal entre el mar Caribe y el océano Pacífico, por parte de Nicaragua, presentando la cronología de la propuesta, la descripción de las propuestas de mayor impacto, descripción de propuestas de menor entidad y las conclusi...
Đã lưu trong:
| Tác giả chính: | |
|---|---|
| Định dạng: | Không biết |
| Ngôn ngữ: | Spanish |
| Được phát hành: |
Nicaragua :
IHNCA-UCA
2014
|
| Những chủ đề: | |
| Các nhãn: |
Thêm thẻ
Không có thẻ, Là người đầu tiên thẻ bản ghi này!
|
MARC
| LEADER | 00000 a2200000 04500 | ||
|---|---|---|---|
| 001 | 48999 | ||
| 003 | cru CIDCACS/IIS | ||
| 005 | 20230705111756.0 | ||
| 008 | 050706s2014 nq spa d | ||
| 020 | |a 987-99924-29-11-2 | ||
| 022 | |a [Pendiente] | ||
| 040 | |c cru CIDCACS/IIS | ||
| 090 | |a 01.02.01 P857l | ||
| 100 | |a Post, JanGeert van der | ||
| 245 | |a El largo y sinuoso camino / |c JanGeert van der Post | ||
| 260 | |a Nicaragua : |b IHNCA-UCA |c 2014 | ||
| 300 | |a 351 p. | ||
| 520 | |a El libro presenta un análisis de la situación del proyecto de creación de un canal entre el mar Caribe y el océano Pacífico, por parte de Nicaragua, presentando la cronología de la propuesta, la descripción de las propuestas de mayor impacto, descripción de propuestas de menor entidad y las conclusiones de las propuestas. | ||
| 650 | 0 | |9 591 |a CANALES | |
| 650 | 4 | |9 1931 |a PROYECTOS | |
| 651 | 0 | |9 1861 |a NICARAGUA | |
| 651 | 0 | |9 4609 |a CARIBE | |
| 942 | |2 ddc |c LI | ||
| 999 | |c 12782 |d 12782 | ||
